| Tag |
First Indicator |
Second Indicator |
Subfields |
| LEADER |
00000cam a2200000 i 4500 |
| 001 |
in00002010849 |
| 005 |
20151031152503.0 |
| 008 |
800221s1979 ru c 000 1 ruso |
| 010 |
|
|
|a 80452368
|
| 015 |
|
|
|a USSR79
|
| 020 |
|
|
|c 1.70rub
|
| 035 |
|
|
|a (OCoLC)ocm06092051
|
| 040 |
|
|
|a DLC
|c DLC
|d TXA
|d UtOrBLW
|
| 049 |
|
|
|a TXAM
|
| 050 |
0 |
0 |
|a PG3488.T78
|b B4
|
| 090 |
|
|
|a PG3488.T78
|b B4 1979
|
| 100 |
1 |
|
|a Studenikin, Nikolaĭ.
|
| 245 |
1 |
0 |
|a Bez strakha i upreka :
|b Povestʹ /
|c Nikolaĭ Studenikin.
|
| 264 |
|
1 |
|a Moskva :
|b Sov. pisatelʹ,
|c 1979.
|
| 300 |
|
|
|a 423 pages :
|b portrait ;
|c 21 cm.
|
| 336 |
|
|
|a text
|b txt
|2 rdacontent
|
| 337 |
|
|
|a unmediated
|b n
|2 rdamedia
|
| 338 |
|
|
|a volume
|b nc
|2 rdacarrier
|
| 948 |
|
|
|a cataloged
|b h
|c 2004/12/13
|d c
|e spoltoratski
|f 1:52:14 pm
|
| 994 |
|
|
|a E0
|b TXA
|
| 999 |
|
|
|a MARS
|
| 999 |
f |
f |
|s 808b3da1-5234-377b-a496-15db42a395bd
|i 04ce7194-008d-3754-825f-6917ddbafe45
|t 0
|
| 952 |
f |
f |
|p ric
|a Texas A&M University
|b Rellis Campus
|c Joint Library Facility
|d Remote Storage
|t 0
|e PG3488.T78 B4 1979
|h Library of Congress classification
|i unmediated -- volume
|m A14831594055
|
| 998 |
f |
f |
|a PG3488.T78 B4 1979
|t 0
|l Remote Storage
|